Aktuálne otázky riadenia investičného procesu v nových podmienkach hospodárenia racionalizácia sústavy investičného rozhodovania
Enregistré dans:
| Format: | Livre |
|---|---|
| Langue: | slovaque |
| Publié: |
Bratislava
Výskumný ústav národohospodársky VŠE
1989
|
| Édition: | výskumná správa 4. etapy riešenia čiastkovej úlohy SPEV 902-533-402/02 |
| Tags: |
Pas de tags, Soyez le premier à ajouter un tag!
|
MARC
| LEADER | 00000nam a2200000 4500 | ||
|---|---|---|---|
| 001 | c037842 | ||
| 005 | 20260325115421.6 | ||
| 041 | 0 | |a slo | |
| 044 | |a SK | ||
| 245 | 1 | 0 | |a Aktuálne otázky riadenia investičného procesu v nových podmienkach hospodárenia |b racionalizácia sústavy investičného rozhodovania |
| 250 | |a výskumná správa 4. etapy riešenia čiastkovej úlohy SPEV 902-533-402/02 | ||
| 264 | 1 | |a Bratislava |b Výskumný ústav národohospodársky VŠE |c 1989 | |
| 300 | |a 63 s. | ||